| 000 | 01164nam a22002777a 4500 | ||
|---|---|---|---|
| 001 | BD-DhSAU 9278 | ||
| 003 | BD-DhSAU | ||
| 005 | 20230121115807.0 | ||
| 008 | 150613b2018 bg a|||| m||| 00| 0 eng d | ||
| 040 | _aBD-DhSAU | ||
| 082 |
_222 _a338.1 _bH7949 |
||
| 100 |
_aHOSSAIN, MD. MASUM _eRegistration No. # 14-06274 |
||
| 245 |
_aFinancial profitability and resource use
efficiency of rose cultivation in kaliganj
upazila of jhenaidah district
/
_bMS thesis |
||
| 260 |
_aSher-e-Bangla Agricultural University : _bDepartment of Economics, _c2021 |
||
| 300 |
_avii, 57p. : _bill. ; _c30 cm. |
||
| 500 | _aMS thesis of Department of Economics, Faculty of Agribusiness , Sher-e-Bangla Agricultural University, Dhaka, Bangladesh | ||
| 504 | _aIncludes bibliographical reference. | ||
| 590 | _aNazmul | ||
| 650 | _aresource use efficiency | ||
| 650 | _arose cultivation | ||
| 651 | _akaliganj upazila of jhenaidah | ||
| 700 |
_aDr. Md. Mosharraf Uddin Molla _eSuperviser |
||
| 700 |
_aProfessor Gazi M.A Jalil _eCo-superviser |
||
| 856 | _uhttp://archive.saulibrary.edu.bd:8080/xmlui/handle/123456789/4739 | ||
| 942 |
_2ddc _cTHESIS |
||
| 999 |
_c16538 _d16537 |
||